[Event "SB-2012-0-00275"]
[Site "LSS email"]
[Date "2012.12.23"]
[Round "?"]
[White "Kroes, Friso"]
[Black "Pepermans, Toon"]
[Result "0-1"]
[WhiteElo "1682"]
[BlackElo "2204"]
[PlyCount "24"]
[EventDate "2012.12.06"]
[EventType "tourn (corr)"]
[EventRounds "6"]
[EventCountry "GER"]
[SourceTitle "Corr 2015"]
[Source "ChessBase"]
[SourceDate "2015.07.17"]
[SourceVersion "1"]
[SourceVersionDate "2015.07.17"]
[SourceQuality "1"]

1. e4 e5 2. Nf3 Nc6 3. d4 exd4 4. Nxd4 Nf6 5. Nxc6 bxc6 6. e5 Qe7 7. Qe2 Nd5 8. c4 Ba6 9. b3 g6 10. Nd2 Bg7 11. Bb2 Nb4 12. 0-0-0 Nxa2+ 0-1

[Event "SB-2012-0-00271"]
[Site "LSS email"]
[Date "2012.12.07"]
[Round "?"]
[White "Lombart, Philippe"]
[Black "Kroes, Friso"]
[Result "1-0"]
[WhiteElo "1789"]
[BlackElo "1681"]
[PlyCount "37"]
[EventDate "2012.11.18"]
[EventType "tourn (corr)"]
[EventRounds "6"]
[EventCountry "GER"]
[SourceTitle "Corr 2015"]
[Source "ChessBase"]
[SourceDate "2015.07.17"]
[SourceVersion "1"]
[SourceVersionDate "2015.07.17"]
[SourceQuality "1"]

1. d4 d5 2. c4 c6 3. Nf3 Nf6 4. Nc3 e6 5. Bg5 h6 6. Bh4 dxc4 7. e4 g5 8. Bg3 b5 9. Be2 Bb7 10. h4 g4 11. Ne5 Nbd7 12. Nxg4 b4 13. Nxf6+ Nxf6 14. Na4 Nxe4 15. Be5 Rg8 16. Bf3 c5 17. Qe2 Qd5 18. 0-0-0 cxd4 19. Bxd4 1-0

[Event "SB-2012-0-00269"]
[Site "LSS email"]
[Date "2012.11.25"]
[Round "?"]
[White "Hammerschmidt, Volker"]
[Black "Kroes, Friso"]
[Result "1-0"]
[WhiteElo "1907"]
[BlackElo "1680"]
[PlyCount "71"]
[EventDate "2012.11.11"]
[EventType "tourn (corr)"]
[EventRounds "6"]
[EventCountry "GER"]
[SourceTitle "Telechess CBM 161"]
[Source "ChessBase"]
[SourceDate "2014.07.16"]
[SourceVersion "1"]
[SourceVersionDate "2014.07.16"]
[SourceQuality "1"]

1. e4 e6 2. d4 d5 3. Nc3 Bb4 4. Nge2 dxe4 5. a3 Bxc3+ 6. Nxc3 Nc6 7. Be3 Nf6 8. Qd2 Ne7 9. 0-0-0 Bd7 10. Bc4 Bc6 11. Bg5 Qd6 12. Kb1 0-0-0 13. Bf4 Qd7 14. Be5 Rhg8 15. Rhe1 Ned5 16. Bb3 Nxc3+ 17. Qxc3 Ng4 18. Bg3 Kb8 19. Qc5 f5 20. h3 Nf6 21. Qe5 Rde8 22. Bh2 h6 23. c4 Rd8 24. Qa5 Rgf8 25. Qb4 Qf7 26. Rd2 Rfe8 27. Rc1 Qe7 28. Qa5 Rd7 29. Be5 a6 30. Bd1 Ka7 31. Qc3 Qf7 32. b4 b6 33. a4 Qg6 34. a5 e3 35. axb6+ Kb7 36. Ra2 1-0

[Event "SB-2012-0-00269"]
[Site "LSS email"]
[Date "2012.11.25"]
[Round "?"]
[White "Herzog, Klaus"]
[Black "Kroes, Friso"]
[Result "1-0"]
[WhiteElo "1855"]
[BlackElo "1680"]
[PlyCount "71"]
[EventDate "2012.11.11"]
[EventType "tourn (corr)"]
[EventRounds "6"]
[EventCountry "GER"]
[SourceTitle "Telechess CBM 161"]
[Source "ChessBase"]
[SourceDate "2014.07.16"]
[SourceVersion "1"]
[SourceVersionDate "2014.07.16"]
[SourceQuality "1"]

1. e4 e6 2. d4 d5 3. Nc3 Bb4 4. e5 c5 5. a3 Bxc3+ 6. bxc3 Ne7 7. Qg4 Qc7 8. Qxg7 Rg8 9. Qxh7 cxd4 10. Ne2 Nbc6 11. f4 dxc3 12. Qd3 d4 13. h4 b6 14. h5 Bb7 15. h6 0-0-0 16. h7 Rh8 17. Kf2 Nd5 18. Nxd4 Nxd4 19. Qxd4 Nf6 20. Qc4 Ne4+ 21. Ke1 Ng3 22. Qxc7+ Kxc7 23. Rh3 Nxf1 24. Kxf1 Be4 25. Rxc3+ Kb7 26. Rh3 Bf5 27. Rh4 Bxc2 28. Be3 Rxh7 29. Rxh7 Bxh7 30. Kf2 Rd3 31. Kf3 b5 32. Ra2 Rb3 33. Kf2 a5 34. Bd2 Ka6 35. Ra1 Be4 36. Bc1 1-0

[Event "SB-2012-0-00269"]
[Site "LSS email"]
[Date "2012.11.25"]
[Round "?"]
[White "Zhdanenia, Konstantin A"]
[Black "Kroes, Friso"]
[Result "1-0"]
[WhiteElo "1657"]
[BlackElo "1680"]
[PlyCount "37"]
[EventDate "2012.11.11"]
[EventType "tourn (corr)"]
[EventRounds "6"]
[EventCountry "GER"]
[SourceTitle "Corr 2015"]
[Source "ChessBase"]
[SourceDate "2015.07.17"]
[SourceVersion "1"]
[SourceVersionDate "2015.07.17"]
[SourceQuality "1"]

1. c4 e6 2. Nc3 d5 3. d4 Nf6 4. g3 c5 5. Nf3 cxd4 6. Nxd4 e5 7. Nf3 d4 8. Nxe5 Qd6 9. Qa4+ Nbd7 10. Nb5 Qb4+ 11. Qxb4 Bxb4+ 12. Bd2 Bxd2+ 13. Kxd2 Nxe5 14. Nc7+ Kd8 15. Nxa8 Bf5 16. Bg2 Kd7 17. b3 Nc6 18. e3 dxe3+ 19. Kxe3 1-0

[Event "SB-2012-0-00265"]
[Site "LSS email"]
[Date "2012.11.12"]
[Round "?"]
[White "Kroes, Friso"]
[Black "Probstfeld, Bernd"]
[Result "0-1"]
[WhiteElo "1681"]
[BlackElo "1827"]
[PlyCount "24"]
[EventDate "2012.10.27"]
[EventType "tourn (corr)"]
[EventRounds "6"]
[EventCountry "GER"]
[SourceTitle "Corr 2015"]
[Source "ChessBase"]
[SourceDate "2015.07.17"]
[SourceVersion "1"]
[SourceVersionDate "2015.07.17"]
[SourceQuality "1"]

1. e4 d6 2. d4 Nf6 3. Nc3 g6 4. f4 Bg7 5. Nf3 0-0 6. e5 Nfd7 7. h4 c5 8. h5 cxd4 9. hxg6 dxc3 10. gxf7+ Rxf7 11. Bc4 e6 12. Ng5 Nxe5 0-1

[Event "SB-2012-0-00265"]
[Site "LSS email"]
[Date "2012.11.12"]
[Round "?"]
[White "Kroes, Friso"]
[Black "Schulz, Hans Juergen"]
[Result "0-1"]
[WhiteElo "1681"]
[BlackElo "1769"]
[PlyCount "56"]
[EventDate "2012.10.27"]
[EventType "tourn (corr)"]
[EventRounds "6"]
[EventCountry "GER"]
[SourceTitle "Telechess CBM 159"]
[Source "ChessBase"]
[SourceDate "2014.03.17"]
[SourceVersion "1"]
[SourceVersionDate "2014.03.17"]
[SourceQuality "1"]

1. e4 c5 2. Nf3 d6 3. d4 cxd4 4. Nxd4 Nf6 5. Nc3 a6 6. Bg5 e6 7. f4 Qb6 8. Qd2 Qxb2 9. Rb1 Qa3 10. e5 h6 11. Bh4 dxe5 12. fxe5 g5 13. Bg3 Nh5 14. Ne4 Qxa2 15. Rb3 Nd7 16. Qc3 b5 17. Nd6+ Bxd6 18. exd6 Nhf6 19. Bd3 Nd5 20. Qb2 Qxb2 21. Rxb2 Bb7 22. 0-0 Nf4 23. Bxf4 gxf4 24. c4 Ne5 25. Be2 Rg8 26. Rf2 Kd7 27. cxb5 a5 28. b6 Rac8 0-1

[Event "SB-2012-0-00265"]
[Site "LSS email"]
[Date "2012.11.12"]
[Round "?"]
[White "Panov, Sergey Ivanovich"]
[Black "Kroes, Friso"]
[Result "1-0"]
[WhiteElo "2148"]
[BlackElo "1681"]
[PlyCount "29"]
[EventDate "2012.10.27"]
[EventType "tourn (corr)"]
[EventRounds "6"]
[EventCountry "GER"]
[SourceTitle "Corr 2015"]
[Source "ChessBase"]
[SourceDate "2015.07.17"]
[SourceVersion "1"]
[SourceVersionDate "2015.07.17"]
[SourceQuality "1"]

1. Nf3 d5 2. g3 c6 3. Bg2 Bg4 4. 0-0 e6 5. d3 Bd6 6. Nbd2 Nd7 7. Rb1 Ngf6 8. b4 0-0 9. h3 Bh5 10. c4 Be7 11. g4 Bg6 12. Nh4 Qc7 13. Nxg6 hxg6 14. a3 dxc4 15. Nxc4 1-0

[Event "RB-2012-0-00193"]
[Site "LSS email"]
[Date "2012.11.08"]
[Round "?"]
[White "Hernandez Amura, Gilberto"]
[Black "Kroes, Friso"]
[Result "0-1"]
[WhiteElo "1895"]
[BlackElo "1682"]
[PlyCount "20"]
[EventDate "2012.08.27"]
[EventType "tourn (corr)"]
[EventRounds "6"]
[EventCountry "GER"]
[SourceTitle "Corr 2015"]
[Source "ChessBase"]
[SourceDate "2015.07.17"]
[SourceVersion "1"]
[SourceVersionDate "2015.07.17"]
[SourceQuality "1"]

1. e4 e6 2. d3 d5 3. Qe2 Nc6 4. Nf3 Be7 5. g3 e5 6. Bg2 Bg4 7. 0-0 Nd4 8. Qd1 dxe4 9. dxe4 Qd6 10. c3 Nxf3+ 0-1

[Event "RB-2012-0-00193"]
[Site "LSS email"]
[Date "2012.11.08"]
[Round "?"]
[White "Kroes, Friso"]
[Black "Blittkowsky, Ralf"]
[Result "0-1"]
[WhiteElo "1682"]
[BlackElo "1856"]
[PlyCount "64"]
[EventDate "2012.08.27"]
[EventType "tourn (corr)"]
[EventRounds "6"]
[EventCountry "GER"]
[SourceTitle "Telechess CBM 159"]
[Source "ChessBase"]
[SourceDate "2014.03.17"]
[SourceVersion "1"]
[SourceVersionDate "2014.03.17"]
[SourceQuality "1"]

1. e4 e6 2. d4 d5 3. Nd2 Nf6 4. e5 Nfd7 5. c3 c5 6. Bd3 b6 7. Nh3 Ba6 8. Bxa6 Nxa6 9. 0-0 Nc7 10. Qg4 c4 11. Nf3 h6 12. Nf4 g6 13. b3 b5 14. Bd2 Be7 15. Qg3 Nb6 16. b4 a5 17. a3 Ra7 18. Rab1 Qa8 19. Rfe1 Nc8 20. h3 Bf8 21. Nh2 Ne7 22. Ng4 Bg7 23. Nf6+ Bxf6 24. exf6 Nf5 25. Qh2 Kd7 26. Ne2 g5 27. Ng3 Nd6 28. f3 Qg8 29. Nh5 Qg6 30. g4 axb4 31. axb4 Ra2 32. Rbd1 Rha8 0-1

[Event "ZI-2012-0-01401"]
[Site "LSS email"]
[Date "2012.10.21"]
[Round "?"]
[White "Kroes, Friso"]
[Black "Glowinski, Daniel"]
[Result "1-0"]
[WhiteElo "1675"]
[BlackElo "1597"]
[PlyCount "65"]
[EventDate "2012.10.12"]
[EventType "match (corr)"]
[EventRounds "2"]
[EventCountry "GER"]
[SourceTitle "Telechess CBM 165"]
[Source "ChessBase"]
[SourceDate "2015.03.11"]
[SourceVersion "1"]
[SourceVersionDate "2015.03.11"]
[SourceQuality "1"]

1. e4 c5 2. Nf3 d6 3. d4 cxd4 4. Nxd4 Nf6 5. Nc3 g6 6. Be3 Bg7 7. f3 0-0 8. Qd2 Nc6 9. Bc4 Qc7 10. Bb3 a6 11. 0-0-0 Na5 12. g4 Nxb3+ 13. axb3 Qa5 14. Kb1 Rd8 15. Bh6 Bxh6 16. Qxh6 Kh8 17. Nd5 Nxd5 18. exd5 Rg8 19. Rhe1 Qc7 20. h4 Rg7 21. Re2 a5 22. Rde1 e5 23. dxe6 fxe6 24. Nxe6 Bxe6 25. Rxe6 Qf7 26. Qd2 Rf8 27. R1e3 Qf4 28. Rxd6 Rgf7 29. h5 gxh5 30. gxh5 Qg5 31. h6 Kg8 32. Qd4 Qg1+ 33. Ka2 1-0

[Event "SB-2012-0-00256"]
[Site "LSS email"]
[Date "2012.10.12"]
[Round "?"]
[White "Kroes, Friso"]
[Black "Schulz, Hans Juergen"]
[Result "1/2-1/2"]
[WhiteElo "1680"]
[BlackElo "1709"]
[PlyCount "65"]
[EventDate "2012.09.19"]
[EventType "tourn (corr)"]
[EventRounds "6"]
[EventCountry "GER"]
[SourceTitle "Telechess CBM 161"]
[Source "ChessBase"]
[SourceDate "2014.07.16"]
[SourceVersion "1"]
[SourceVersionDate "2014.07.16"]
[SourceQuality "1"]

1. e4 c5 2. Nf3 d6 3. d4 cxd4 4. Nxd4 Nf6 5. Nc3 a6 6. Bg5 e6 7. f4 Qb6 8. Qd2 Qxb2 9. Rb1 Qa3 10. e5 h6 11. Bh4 dxe5 12. fxe5 g5 13. exf6 gxh4 14. Be2 Qa5 15. 0-0 Nd7 16. Qd3 Qe5 17. Rbd1 Nc5 18. Qd2 Bd7 19. Nf3 Qc7 20. Nxh4 0-0-0 21. Bh5 Be8 22. Qxd8+ Qxd8 23. Rxd8+ Kxd8 24. Nf3 Bd6 25. Kf2 Kc7 26. Re1 Rg8 27. g3 b5 28. Ne4 Nxe4+ 29. Rxe4 Bc6 30. Rh4 Rc8 31. Ke2 a5 32. Bxf7 Rf8 33. Bh5 1/2-1/2

[Event "SB-2012-0-00256"]
[Site "LSS email"]
[Date "2012.10.12"]
[Round "?"]
[White "Kroes, Friso"]
[Black "Vodicka, Milan"]
[Result "1/2-1/2"]
[WhiteElo "1680"]
[BlackElo "1935"]
[PlyCount "34"]
[EventDate "2012.09.19"]
[EventType "tourn (corr)"]
[EventRounds "6"]
[EventCountry "GER"]
[SourceTitle "Corr 2015"]
[Source "ChessBase"]
[SourceDate "2015.07.17"]
[SourceVersion "1"]
[SourceVersionDate "2015.07.17"]
[SourceQuality "1"]

1. e4 e6 2. d4 c5 3. Nf3 cxd4 4. Nxd4 Nc6 5. Nc3 a6 6. Be2 Qc7 7. 0-0 Nf6 8. Be3 Bb4 9. Na4 Be7 10. Nxc6 bxc6 11. Nb6 Rb8 12. Nxc8 Qxc8 13. Bd4 0-0 14. e5 Nd5 15. c4 Nf4 16. g3 c5 17. Bc3 Ng6 1/2-1/2

[Event "CP-2012-P-00016"]
[Site "LSS email"]
[Date "2012.10.01"]
[Round "?"]
[White "Jozefini, Lubor"]
[Black "Kroes, Friso"]
[Result "1-0"]
[WhiteElo "1788"]
[BlackElo "1680"]
[PlyCount "69"]
[EventDate "2012.10.05"]
[EventType "tourn (corr)"]
[EventRounds "6"]
[EventCountry "GER"]
[SourceTitle "Telechess CBM 161"]
[Source "ChessBase"]
[SourceDate "2014.07.16"]
[SourceVersion "1"]
[SourceVersionDate "2014.07.16"]
[SourceQuality "1"]

1. e4 e6 2. d4 d5 3. Nd2 Nf6 4. e5 Nfd7 5. c3 c5 6. Bd3 Nc6 7. Ne2 cxd4 8. cxd4 f6 9. exf6 Nxf6 10. Nf3 Bd6 11. 0-0 Qc7 12. h3 0-0 13. Be3 Bd7 14. Rc1 Be8 15. Qb3 Qb6 16. Qxb6 axb6 17. a3 Bg6 18. Bxg6 hxg6 19. Ng5 e5 20. Rc2 Rfc8 21. Rfc1 e4 22. Bf4 Rd8 23. Ne6 Rd7 24. Bxd6 Rxd6 25. Nc7 Rf8 26. Nb5 Rd7 27. Nec3 Rdd8 28. b3 Kh7 29. Na4 Ra8 30. Nac3 Rad8 31. Nd1 g5 32. Ne3 Kg6 33. Rc3 Kh5 34. Rd1 Rd7 35. Nf5 1-0

[Event "RA-2012-0-00237"]
[Site "LSS email"]
[Date "2012.09.13"]
[Round "?"]
[White "Kroes, Friso"]
[Black "Schenning, Albert AM"]
[Result "1/2-1/2"]
[WhiteElo "1906"]
[BlackElo "2077"]
[PlyCount "64"]
[EventDate "2012.08.28"]
[EventType "tourn (corr)"]
[EventRounds "6"]
[EventCountry "GER"]
[SourceTitle "Telechess CBM 165"]
[Source "ChessBase"]
[SourceDate "2015.03.11"]
[SourceVersion "1"]
[SourceVersionDate "2015.03.11"]
[SourceQuality "1"]

1. e4 e5 2. f4 Bc5 3. Nf3 d6 4. c3 Bb6 5. d4 exd4 6. cxd4 Nf6 7. e5 dxe5 8. fxe5 Nd5 9. Nc3 Nc6 10. Bg5 f6 11. exf6 gxf6 12. Bh4 Qe7+ 13. Qe2 Be6 14. Nxd5 Bxd5 15. Bxf6 Qxe2+ 16. Bxe2 Rf8 17. Bg5 Rg8 18. h4 h6 19. Bxh6 Rxg2 20. Be3 Kf8 21. Rg1 Rxg1+ 22. Bxg1 Re8 23. Kd1 Kg7 24. Rc1 Bxa2 25. Bc4 Bxc4 26. Rxc4 Kh6 27. Bf2 Kh5 28. Ng5 Re7 29. Nf3 a5 30. Rc3 Rd7 31. Rd3 Bc5 32. Ke2 Re7+ 1/2-1/2

[Event "SB-2012-0-00248"]
[Site "LSS email"]
[Date "2012.09.03"]
[Round "?"]
[White "Krakovsky, Peter"]
[Black "Kroes, Friso"]
[Result "0-1"]
[WhiteElo "1814"]
[BlackElo "1675"]
[PlyCount "112"]
[EventDate "2012.08.15"]
[EventType "tourn (corr)"]
[EventRounds "6"]
[EventCountry "GER"]
[SourceTitle "Telechess CBM 163"]
[Source "ChessBase"]
[SourceDate "2014.11.11"]
[SourceVersion "2"]
[SourceVersionDate "2014.11.11"]
[SourceQuality "1"]

1. c4 Nf6 2. d4 e6 3. Nf3 d5 4. Nc3 c6 5. e3 Nbd7 6. Bd3 dxc4 7. Bxc4 b5 8. Be2 Bb7 9. 0-0 Be7 10. a3 a5 11. Qc2 0-0 12. Bd2 b4 13. axb4 axb4 14. Na4 Ra5 15. Rfc1 Qa8 16. Qd1 Ra7 17. b3 Ne4 18. Qe1 Nxd2 19. Nxd2 e5 20. Nc4 Qb8 21. Bg4 f5 22. Bf3 e4 23. Be2 Rd8 24. h3 Qc7 25. Qd2 Raa8 26. Qe1 Ra7 27. Ra2 g6 28. Rac2 Kg7 29. Bf1 Qb8 30. Nab6 Nxb6 31. Nxb6 Ra3 32. Rb1 Bf8 33. Rc4 Qc7 34. Na4 Ba6 35. Rc2 Bxf1 36. Qxf1 f4 37. Qc1 fxe3 38. Qxe3 Qd7 39. Qxe4 Qxd4 40. Qxc6 Ra1 41. Rbc1 Rd5 42. Rxa1 Qxa1+ 43. Kh2 Qe5+ 44. g3 Rd3 45. Nb2 Rxb3 46. Qd7+ Be7 47. Nc4 Qe1 48. Ne3 Rxe3 49. fxe3 Qxe3 50. Qb7 Kh6 51. Rc7 Qd2+ 52. Qg2 Qd6 53. Rb7 Qe5 54. Qd2+ Kg7 55. Rd7 Qe6 56. Qd4+ Kf7 0-1

[Event "SB-2012-0-00248"]
[Site "LSS email"]
[Date "2012.09.03"]
[Round "?"]
[White "Kroes, Friso"]
[Black "Sukhanitskij, Stanislav"]
[Result "0-1"]
[WhiteElo "1675"]
[BlackElo "1966"]
[PlyCount "46"]
[EventDate "2012.08.15"]
[EventType "tourn (corr)"]
[EventRounds "6"]
[EventCountry "GER"]
[SourceTitle "Telechess CBM 163"]
[Source "ChessBase"]
[SourceDate "2014.11.11"]
[SourceVersion "2"]
[SourceVersionDate "2014.11.11"]
[SourceQuality "1"]

1. e4 e5 2. f4 exf4 3. Bc4 Qh4+ 4. Kf1 d6 5. d4 Nc6 6. Nf3 Bg4 7. c3 Qf6 8. Qa4 Bd7 9. Qb5 Be7 10. e5 dxe5 11. Nxe5 Nxe5 12. Qxe5 Qxe5 13. dxe5 0-0-0 14. Nd2 Nh6 15. Ke2 f6 16. Nf3 g5 17. e6 Bc6 18. b4 Ng4 19. Rf1 h5 20. a4 h4 21. h3 Ne5 22. Bb3 g4 23. Ne1 f3+ 0-1

[Event "RB-2012-0-00190"]
[Site "LSS email"]
[Date "2012.08.31"]
[Round "?"]
[White "Dovganenko, Andrej"]
[Black "Kroes, Friso"]
[Result "1-0"]
[WhiteElo "2052"]
[BlackElo "1906"]
[PlyCount "67"]
[EventDate "2012.07.23"]
[EventType "tourn (corr)"]
[EventRounds "6"]
[EventCountry "GER"]
[SourceTitle "Telechess CBM 165"]
[Source "ChessBase"]
[SourceDate "2015.03.11"]
[SourceVersion "1"]
[SourceVersionDate "2015.03.11"]
[SourceQuality "1"]

1. d4 d5 2. c4 c6 3. Nf3 Nf6 4. Nc3 e6 5. Bg5 dxc4 6. e4 b5 7. e5 h6 8. Bh4 g5 9. Nxg5 hxg5 10. Bxg5 Nbd7 11. g3 Bb7 12. Bg2 Qb6 13. exf6 c5 14. d5 0-0-0 15. 0-0 b4 16. Na4 Qb5 17. a3 Nb8 18. axb4 cxb4 19. Qg4 Bxd5 20. Rfc1 Nc6 21. Bxd5 Rxd5 22. Rxc4 Kd7 23. Rac1 Rxg5 24. Qf3 Rd5 25. Rxc6 Qxc6 26. Rxc6 Kxc6 27. Qe2 Kb7 28. Qg4 Kc7 29. h4 Kd7 30. b3 Rhh5 31. Qc4 Ra5 32. Nb2 Bc5 33. Qe4 Rd5 34. Qh7 1-0

[Event "SB-2012-0-00241"]
[Site "LSS email"]
[Date "2012.07.27"]
[Round "?"]
[White "Hammerschmidt, Volker"]
[Black "Kroes, Friso"]
[Result "1-0"]
[WhiteElo "1907"]
[BlackElo "1680"]
[PlyCount "101"]
[EventDate "2012.07.08"]
[EventType "tourn (corr)"]
[EventRounds "6"]
[EventCountry "GER"]
[SourceTitle "Telechess CBM 161"]
[Source "ChessBase"]
[SourceDate "2014.07.16"]
[SourceVersion "1"]
[SourceVersionDate "2014.07.16"]
[SourceQuality "1"]

1. e4 c5 2. Nc3 e6 3. Nf3 a6 4. d4 cxd4 5. Nxd4 Qc7 6. Bd3 Nf6 7. 0-0 Bc5 8. Nb3 Be7 9. Be3 Nc6 10. f4 d6 11. Qf3 h5 12. h3 Bd7 13. a3 h4 14. Nd2 b5 15. Qf2 Kf8 16. Nf3 Kg8 17. Rfd1 Nh5 18. a4 b4 19. Ne2 Nf6 20. Rf1 Rh5 21. Rad1 Re8 22. c4 Qb7 23. b3 a5 24. Bb1 Qc7 25. Ned4 Nxd4 26. Nxd4 Qb8 27. Qf3 e5 28. fxe5 dxe5 29. Nb5 Be6 30. Bc2 Rf8 31. Rd2 Rc8 32. Rfd1 Rc6 33. Kh1 g6 34. Rd5 Kg7 35. Rf1 Qb7 36. Rf2 Bxd5 37. exd5 Ra6 38. Be4 Qb8 39. c5 Nxe4 40. Qxe4 f5 41. Qc4 f4 42. d6 Bf6 43. Nc7 Rc6 44. Ne6+ Kh7 45. Nxf4 exf4 46. Rxf4 Bg7 47. Rf7 Re5 48. Rxg7+ Kxg7 49. Bd4 Qe8 50. Qd5 Kf8 51. Bxe5 1-0

[Event "SB-2012-0-00241"]
[Site "LSS email"]
[Date "2012.07.27"]
[Round "?"]
[White "Ilyin, Igor"]
[Black "Kroes, Friso"]
[Result "1-0"]
[WhiteElo "2078"]
[BlackElo "1680"]
[PlyCount "65"]
[EventDate "2012.07.08"]
[EventType "tourn (corr)"]
[EventRounds "6"]
[EventCountry "GER"]
[SourceTitle "Telechess CBM 161"]
[Source "ChessBase"]
[SourceDate "2014.07.16"]
[SourceVersion "1"]
[SourceVersionDate "2014.07.16"]
[SourceQuality "1"]

1. d4 d5 2. c4 c6 3. Nf3 Nf6 4. cxd5 cxd5 5. Nc3 Nc6 6. Bf4 Bf5 7. e3 e6 8. Bb5 Nd7 9. 0-0 Rc8 10. Qb3 Be7 11. Rfc1 g5 12. Bg3 h5 13. h3 a6 14. Bxc6 bxc6 15. Qb7 g4 16. hxg4 hxg4 17. Ne5 Nxe5 18. Bxe5 f6 19. Bg3 Kf7 20. Na4 Qf8 21. Kf1 Kg6 22. Ke2 Bd6 23. Rh1 Rb8 24. Rxh8 Qxh8 25. Qa7 Bxg3 26. fxg3 c5 27. b3 cxd4 28. Qxd4 e5 29. Qd2 Be4 30. Rg1 Qh2 31. Kf2 Rc8 32. Nc3 Bf3 33. b4 1-0

[Event "SB-2012-0-00241"]
[Site "LSS email"]
[Date "2012.07.27"]
[Round "?"]
[White "Kroes, Friso"]
[Black "Van Bommel, Ton"]
[Result "0-1"]
[WhiteElo "1680"]
[BlackElo "2059"]
[PlyCount "82"]
[EventDate "2012.07.08"]
[EventType "tourn (corr)"]
[EventRounds "6"]
[EventCountry "GER"]
[SourceTitle "Telechess CBM 161"]
[Source "ChessBase"]
[SourceDate "2014.07.16"]
[SourceVersion "1"]
[SourceVersionDate "2014.07.16"]
[SourceQuality "1"]

1. d4 Nf6 2. c4 e6 3. Nf3 d5 4. Nc3 c6 5. e3 Nbd7 6. Bd3 dxc4 7. Bxc4 b5 8. Bd3 Bb7 9. 0-0 a6 10. e4 c5 11. d5 c4 12. Bc2 Qc7 13. dxe6 fxe6 14. Nd4 Nc5 15. Be3 e5 16. Nf5 g6 17. Nh6 Bg7 18. Qf3 Ne6 19. Qh3 Nd4 20. Bd1 Rd8 21. Rc1 Bxe4 22. Re1 Bb7 23. Bf4 Rd7 24. Bc2 Re7 25. Bg5 Ne6 26. Be3 Nh5 27. Ne2 Bc8 28. Nf5 Rf7 29. b3 0-0 30. bxc4 Nef4 31. Nxf4 exf4 32. cxb5 Qxc2 33. Rxc2 Bxf5 34. g4 fxg3 35. Qg2 Bxc2 36. fxg3 Bd3 37. b6 Rf1+ 38. Rxf1 Rxf1+ 39. Qxf1 Bxf1 40. Kxf1 Be5 41. b7 Bb8 0-1

[Event "SB-2012-0-00240"]
[Site "LSS email"]
[Date "2012.07.22"]
[Round "?"]
[White "Bienkowski, Alejandro"]
[Black "Kroes, Friso"]
[Result "1-0"]
[WhiteElo "1807"]
[BlackElo "1685"]
[PlyCount "63"]
[EventDate "2012.07.03"]
[EventType "tourn (corr)"]
[EventRounds "6"]
[EventCountry "GER"]
[SourceTitle "Telechess CBM 163"]
[Source "ChessBase"]
[SourceDate "2014.11.11"]
[SourceVersion "2"]
[SourceVersionDate "2014.11.11"]
[SourceQuality "1"]

1. e4 e6 2. d4 d5 3. Nc3 Bb4 4. e5 c5 5. a3 Bxc3+ 6. bxc3 Ne7 7. Qg4 Qc7 8. Qxg7 Rg8 9. Qxh7 cxd4 10. Ne2 Nbc6 11. f4 dxc3 12. Qd3 d4 13. Nxd4 Nxd4 14. Qxd4 Bd7 15. Rg1 Nf5 16. Qf2 Qc6 17. Bd3 Qd5 18. Rb1 Bc6 19. Rb3 0-0-0 20. Rxc3 Kb8 21. g4 Nd4 22. Rg3 Qh1+ 23. Bf1 b6 24. Bb2 Rh8 25. h3 Be4 26. a4 Rd5 27. Ba3 Rc8 28. Bd6+ Kb7 29. Rxc8 Kxc8 30. c4 Nc2+ 31. Ke2 Rd4 32. f5 1-0

[Event "SB-2012-0-00240"]
[Site "LSS email"]
[Date "2012.07.22"]
[Round "?"]
[White "Pavlicek, Miroslav"]
[Black "Kroes, Friso"]
[Result "0-1"]
[WhiteElo "1926"]
[BlackElo "1685"]
[PlyCount "78"]
[EventDate "2012.07.03"]
[EventType "tourn (corr)"]
[EventRounds "6"]
[EventCountry "GER"]
[SourceTitle "Telechess CBM 163"]
[Source "ChessBase"]
[SourceDate "2014.11.11"]
[SourceVersion "2"]
[SourceVersionDate "2014.11.11"]
[SourceQuality "1"]

1. e4 c5 2. Nf3 e6 3. d4 cxd4 4. Nxd4 a6 5. c4 Nf6 6. Nc3 Qc7 7. Be3 Bb4 8. Qd3 0-0 9. Nc2 Bxc3+ 10. bxc3 b5 11. f3 Rd8 12. Be2 Nc6 13. cxb5 axb5 14. 0-0 d5 15. Bg5 dxe4 16. Qe3 exf3 17. Bxf6 gxf6 18. Rxf3 Qe5 19. Rg3+ Kf8 20. Qh6+ Ke7 21. Bh5 Rf8 22. Ne3 b4 23. Rf1 bxc3 24. Nf5+ exf5 25. Re3 Be6 26. Rxe5 Nxe5 27. Qf4 Rfb8 28. Qd4 c2 29. Qc5+ Ke8 30. Qxc2 Rxa2 31. Qc7 Rbb2 32. Bf3 Kf8 33. Qc5+ Kg7 34. Qe3 Nxf3+ 35. Qxf3 h5 36. Qg3+ Kh7 37. Qh3 Kg8 38. Qg3+ Kh8 39. Rd1 Bd5 0-1

[Event "SB-2012-0-00237"]
[Site "LSS email"]
[Date "2012.07.09"]
[Round "?"]
[White "Cvak, Rudolf"]
[Black "Kroes, Friso"]
[Result "0-1"]
[WhiteElo "2040"]
[BlackElo "2025"]
[PlyCount "26"]
[EventDate "2012.06.11"]
[EventType "tourn (corr)"]
[EventRounds "6"]
[EventCountry "GER"]
[SourceTitle "Corr 2022"]
[Source "ChessBase"]
[SourceDate "2021.10.24"]
[SourceVersion "1"]
[SourceVersionDate "2021.10.24"]
[SourceQuality "1"]

1. e4 e6 2. d4 d5 3. e5 c5 4. Nc3 cxd4 5. Nb5 Nc6 6. Nf3 Bb4+ 7. Bd2 Bc5 8. a3 Nge7 9. b4 Bb6 10. Nd6+ Kf8 11. Nxc8 Rxc8 12. c4 dxc3 13. Bxc3 d4 0-1

[Event "SB-2012-0-00237"]
[Site "LSS email"]
[Date "2012.07.09"]
[Round "?"]
[White "Van Gysel, Marc"]
[Black "Kroes, Friso"]
[Result "0-1"]
[WhiteElo "1957"]
[BlackElo "1680"]
[PlyCount "76"]
[EventDate "2012.06.11"]
[EventType "tourn (corr)"]
[EventRounds "6"]
[EventCountry "GER"]
[SourceTitle "Telechess CBM 161"]
[Source "ChessBase"]
[SourceDate "2014.07.16"]
[SourceVersion "1"]
[SourceVersionDate "2014.07.16"]
[SourceQuality "1"]

1. d4 d5 2. Nf3 Nf6 3. g3 c5 4. Bg2 Nc6 5. 0-0 e6 6. c4 dxc4 7. Ne5 Bd7 8. Na3 cxd4 9. Naxc4 Bc5 10. Qb3 0-0 11. Bf4 Rc8 12. Nd3 b6 13. Nxc5 bxc5 14. Bd6 Re8 15. Rfc1 Na5 16. Nxa5 Qxa5 17. Bb7 c4 18. Qa3 Qxa3 19. bxa3 Rcd8 20. Bc7 c3 21. Bxd8 Rxd8 22. Rab1 e5 23. Ba6 Ne4 24. Rb4 Nc5 25. Bc4 Kf8 26. f3 Ke7 27. Bb5 Bxb5 28. Rxb5 Kd6 29. Kf1 Kc6 30. Rb4 a5 31. Rbb1 f5 32. Ke1 e4 33. f4 Na4 34. Rb3 Kd5 35. Rb5+ Kc4 36. Rxa5 Nb2 37. Ra7 d3 38. exd3+ Nxd3+ 0-1